Districts in Bursa - Statistics

General Stats
  • This quiz has been taken 23 times
  • The average score is 13 of 17
Answer Stats
District % Correct
Osmangazi
100%
Nilüfer
94%
İnegöl
88%
İznik
88%
Mudanya
88%
Mustafakemalpaşa
88%
Orhangazi
88%
Yıldırım
88%
Karacabey
76%
Kestel
76%
Orhaneli
76%
Gürsu
71%
Büyükorhan
65%
Gemlik
65%
Yenişehir
65%
Keles
59%
Harmancık
53%
No matching quizzes found
Score Distribution
Percent of People with Each Score
Percentile by Number Answered
Your Score History
You have not taken this quiz